Statistics for Homonyms Quiz #8

Click here to take the quiz!

General Stats

  • This quiz has been taken 40,976 times
    (34,958 since last reset)
  • The average score is 13 of 20

Answer Stats

Meaning #1Meaning #2Answer% Correct
Part of the handTropical treePalm
98%
To go underwaterSeedy barDive
88%
Elongated back of
a dress
LocomotiveTrain
85%
Part of a treeLarge suitcase or chestTrunk
83%
Said somethingPart of a bicycle wheelSpoke
81%
Ogre-like beastTo post infuriating
comments on the web
Troll
80%
Place for horsesNot volatileStable
77%
Up to dateFlow of electricityCurrent
71%
CliffTo misrepresent
one's poker hand
Bluff
68%
Funeral vigilWaves caused by
a ship
Wake
63%
To melt togetherBomb igniterFuse
61%
Bricklayer's pasteSmall artillery weaponMortar
57%
GratuityInformant's infoTip
56%
NoiseNarrow oceanic inletSound
53%
Preliminary versionConscriptionDraft
46%
Bee productTo increase in powerWax
45%
Measure of loudnessA bookVolume
41%
Small quantity in
a recipe
A short runDash
38%
EleganceDivine forgivenessGrace
35%
Teeming with
vegetation
Slang for an
alcoholic
Lush
29%

Score Distribution

Percentile by Number Answered

Percent of People with Each Score

Your Score History

You have not taken this quiz since the last reset